[Event "Titled Tuesday intern op 27th Sep Early"]
[Site "Chess.com INT"]
[Date "2022.09.27"]
[Round "6"]
[White "Fernandez de La Vara, Arnaldo"]
[Black "Pacheco Lugo, Alejandro Jose"]
[Result "1-0"]
[WhiteElo "2462"]
[BlackElo "2127"]
[PlyCount "97"]
[EventDate "2022.09.27"]
[EventType "swiss (blitz)"]
[EventRounds "11"]
[EventCountry "USA"]
[SourceTitle "CBM 210 Extra"]
[Source "ChessBase"]
[SourceDate "2022.11.30"]
[SourceVersion "1"]
[SourceVersionDate "2022.11.30"]
[SourceQuality "1"]

1. Nf3 Nf6 2. g3 d5 3. Bg2 e6 4. 0-0 Be7 5. d4 0-0 6. c4 dxc4 7. Qc2 a6 8. a4 Bd7 9. Ne5 Bc6 10. Nxc6 Nxc6 11. e3 Na5 12. Nd2 c5 13. dxc5 Bxc5 14. Nxc4 Rc8 15. Rd1 Qc7 16. Nxa5 Qxa5 17. Qb3 Rc7 18. Bd2 Qb6 19. Qxb6 Bxb6 20. a5 Bc5 21. Rac1 Rfc8 22. b4 Be7 23. Bxb7 Rxc1 24. Bxc1 Rb8 25. Bf3 Bxb4 26. Bd2 Bxd2 27. Rxd2 Ne8 28. Rd7 Kf8 29. Ra7 Nd6 30. Rxa6 Rb1+ 31. Kg2 Nc4 32. Be2 Ne5 33. Rd6 Ra1 34. a6 Ke7 35. Rb6 Kf6 36. Rb7 g5 37. f4 gxf4 38. gxf4 Ng6 39. a7 Ra2 40. Kf1 Nh4 41. e4 h6 42. Bb5 Nf3 43. Bc6 Nd2+ 44. Ke1 Nf3+ 45. Kd1 Nd4 46. e5+ Kf5 47. Rxf7+ Kg4 48. a8Q Rxa8 49. Bxa8 1-0

[Event "Titled Tuesday intern op 27th Sep Early"]
[Site "Chess.com INT"]
[Date "2022.09.27"]
[Round "9"]
[White "Pacheco Lugo, Alejandro Jose"]
[Black "Foerster Yialamas, Lucas"]
[Result "1-0"]
[WhiteElo "2127"]
[BlackElo "2167"]
[PlyCount "173"]
[EventDate "2022.09.27"]
[EventType "swiss (blitz)"]
[EventRounds "11"]
[EventCountry "USA"]
[SourceTitle "CBM 210 Extra"]
[Source "ChessBase"]
[SourceDate "2022.11.30"]
[SourceVersion "1"]
[SourceVersionDate "2022.11.30"]
[SourceQuality "1"]

1. e4 c6 2. d4 d5 3. e5 Bf5 4. Nd2 e6 5. Nb3 Nd7 6. Nf3 a6 7. a4 c5 8. dxc5 Nxc5 9. c4 dxc4 10. Qxd8+ Rxd8 11. Nxc5 Bxc5 12. Bxc4 Bb4+ 13. Ke2 Ne7 14. Be3 0-0 15. Rhd1 Rc8 16. h3 b5 17. Bd3 Bxd3+ 18. Rxd3 Rc2+ 19. Kf1 Rxb2 20. axb5 axb5 21. Ra7 Nd5 22. Rb7 Rb1+ 23. Ke2 Nc3+ 24. Kd2 Rc8 25. Bd4 Rb2+ 26. Ke3 Re2+ 27. Kf4 Nd5+ 28. Kg3 Be1 29. Rxb5 h5 30. Rb1 h4+ 31. Nxh4 Rcc2 32. Nf3 Bc3 33. Bxc3 Nxc3 34. Rf1 Ne4+ 35. Kf4 Nxf2 36. Rd8+ Kh7 37. Ng5+ Kh6 38. Nxf7+ Kg6 39. Ng5 Rc3 40. Nf3 Nd3+ 41. Kg3 Nxe5 42. Rf8 Nxf3 43. R8xf3 Ree3 44. Rxe3 Rxe3+ 45. Kf4 Re2 46. g4 e5+ 47. Kg3 Kg5 48. h4+ Kg6 49. Rf5 Re3+ 50. Kf2 Re4 51. h5+ Kh6 52. Kg3 Re1 53. Kh4 Rh1+ 54. Kg3 Re1 55. Rf7 e4 56. Kh4 Rh1+ 57. Kg3 Re1 58. Re7 Kg5 59. Re5+ Kf6 60. Rf5+ Ke6 61. Kf4 Rf1+ 62. Kxe4 Re1+ 63. Kf4 Rg1 64. Kg5 Ke7 65. Rf4 Ke6 66. Kg6 Ke5 67. Ra4 Rb1 68. Kxg7 Rb7+ 69. Kh6 Rb6+ 70. Kg5 Ke6 71. Kh4 Kf7 72. Rf4+ Kg7 73. Rf5 Rb4 74. Rg5+ Kh6 75. Rg6+ Kh7 76. Rf6 Kg7 77. Rf5 Kh6 78. Rf6+ Kg7 79. Kg5 Rb5+ 80. Rf5 Rb6 81. h6+ Kh7 82. Rf7+ Kg8 83. Rg7+ Kh8 84. Kh5 Rb1 85. Rc7 Rh1+ 86. Kg6 Rb1 87. Rc8# 1-0

[Event "Titled Tuesday intern op 13th Sep Early"]
[Site "Chess.com INT"]
[Date "2022.09.13"]
[Round "10"]
[White "Pacheco Lugo, Alejandro Jose"]
[Black "Grover, Sahaj"]
[Result "0-1"]
[WhiteElo "2127"]
[BlackElo "2504"]
[PlyCount "70"]
[EventDate "2022.09.13"]
[EventType "swiss (blitz)"]
[EventRounds "11"]
[EventCountry "USA"]
[SourceTitle "EXT 2023"]
[Source "ChessBase"]
[SourceDate "2022.10.05"]
[SourceVersion "1"]
[SourceVersionDate "2022.10.05"]
[SourceQuality "1"]

1. e4 c6 2. d4 d5 3. e5 c5 4. dxc5 e6 5. a3 f6 6. b4 Nc6 7. Nf3 fxe5 8. Bb2 e4 9. Ne5 Nxe5 10. Bxe5 Qg5 11. Bb5+ Kf7 12. Bg3 Nf6 13. 0-0 h5 14. h4 Qg6 15. Nc3 Be7 16. Ne2 Rf8 17. Nf4 Qf5 18. f3 Kg8 19. fxe4 Nxe4 20. Nxh5 Qg6 21. Rxf8+ Bxf8 22. Be5 Qf5 23. Bb2 Qf2+ 24. Kh1 Qxh4+ 25. Kg1 Qf2+ 26. Kh1 b6 27. Qf3 Qh4+ 28. Kg1 e5 29. Rf1 Be6 30. Bd7 Bxd7 31. Qf7+ Kh8 32. Qxd7 Rd8 33. Qf5 bxc5 34. Bxe5 cxb4 35. Nf4 Bc5+ 0-1

[Event "Titled Tuesday intern op 13th Sep Early"]
[Site "Chess.com INT"]
[Date "2022.09.13"]
[Round "8"]
[White "Pacheco Lugo, Alejandro Jose"]
[Black "Mihailidis, Anastasios"]
[Result "1-0"]
[WhiteElo "2127"]
[BlackElo "2198"]
[PlyCount "65"]
[EventDate "2022.09.13"]
[EventType "swiss (blitz)"]
[EventRounds "11"]
[EventCountry "USA"]
[SourceTitle "EXT 2023"]
[Source "ChessBase"]
[SourceDate "2022.10.05"]
[SourceVersion "1"]
[SourceVersionDate "2022.10.05"]
[SourceQuality "1"]

1. e4 c5 2. Nf3 d6 3. d4 cxd4 4. Nxd4 Nf6 5. Nc3 g6 6. Be3 Bg7 7. f3 0-0 8. Qd2 Nc6 9. Bc4 Nxd4 10. Bxd4 Be6 11. Bb3 Qa5 12. 0-0-0 Rac8 13. Kb1 b5 14. h4 b4 15. Nd5 Bxd5 16. exd5 Qb5 17. Bxa7 Ra8 18. Bd4 Nd7 19. Bxg7 Kxg7 20. Rhe1 Nc5 21. Qd4+ Kg8 22. Rxe7 Qa5 23. Kc1 Rac8 24. h5 Nxb3+ 25. axb3 Rc5 26. h6 f6 27. Rg7+ Kh8 28. Rb7 Rb5 29. Ra7 Qd8 30. Re1 Ra5 31. Rxa5 Qxa5 32. Qxf6+ Kg8 33. Qg7# 1-0

[Event "Titled Tuesday intern op 13th Sep Early"]
[Site "Chess.com INT"]
[Date "2022.09.13"]
[Round "2"]
[White "Pappelis, Dimitrios"]
[Black "Pacheco Lugo, Alejandro Jose"]
[Result "0-1"]
[WhiteElo "2204"]
[BlackElo "2127"]
[PlyCount "106"]
[EventDate "2022.09.13"]
[EventType "swiss (blitz)"]
[EventRounds "11"]
[EventCountry "USA"]
[SourceTitle "EXT 2023"]
[Source "ChessBase"]
[SourceDate "2022.10.05"]
[SourceVersion "1"]
[SourceVersionDate "2022.10.05"]
[SourceQuality "1"]

1. d4 Nf6 2. c4 e6 3. Nc3 Bb4 4. e3 0-0 5. Bd3 d5 6. Nf3 b6 7. cxd5 exd5 8. 0-0 Bb7 9. Ne5 c5 10. f4 Nc6 11. a3 Ba5 12. Bc2 cxd4 13. exd4 Bxc3 14. bxc3 Rc8 15. Qd3 Ne4 16. Bd2 Na5 17. Rae1 f6 18. Nf3 Nc4 19. Bc1 Re8 20. a4 Ncd6 21. Bd2 Qc7 22. Bb3 Kh8 23. Kh1 Nxd2 24. Nxd2 Qxc3 25. Rxe8+ Nxe8 26. Qxc3 Rxc3 27. Re1 Nd6 28. h3 Ne4 29. Nxe4 dxe4 30. Be6 g6 31. d5 f5 32. Rd1 Rd3 33. Rc1 Bxd5 34. Rc8+ Kg7 35. Rc7+ Kf6 36. Bxd5 Rxd5 37. Rxa7 h5 38. Kg1 g5 39. fxg5+ Kxg5 40. Rb7 Rd4 41. Rxb6 Rxa4 42. Rb3 h4 43. Kf2 Ra2+ 44. Kf1 Kf4 45. Rc3 Rd2 46. Ra3 e3 47. Ra8 Rf2+ 48. Kg1 Rb2 49. Kf1 e2+ 50. Kf2 e1Q+ 51. Kxe1 Rxg2 52. Ra4+ Kg3 53. Kf1 Rb2 0-1

[Event "Titled Tuesday intern op 06th Sep Early"]
[Site "Chess.com INT"]
[Date "2022.09.06"]
[Round "8"]
[White "Ciuffoletti, Paolo"]
[Black "Pacheco Lugo, Alejandro Jose"]
[Result "0-1"]
[WhiteElo "2106"]
[BlackElo "2127"]
[PlyCount "64"]
[EventDate "2022.09.06"]
[EventType "swiss (blitz)"]
[EventRounds "11"]
[EventCountry "USA"]
[SourceTitle "EXT 2023"]
[Source "ChessBase"]
[SourceDate "2022.10.05"]
[SourceVersion "1"]
[SourceVersionDate "2022.10.05"]
[SourceQuality "1"]

1. e4 c5 2. d4 cxd4 3. c3 Nf6 4. e5 Nd5 5. Qxd4 e6 6. Bc4 Nc6 7. Qe4 d6 8. Nf3 Nb6 9. Bb3 Be7 10. 0-0 dxe5 11. Nxe5 Nxe5 12. Qxe5 Bf6 13. Qg3 0-0 14. Rd1 Bd7 15. Bf4 Qc8 16. Nd2 Bc6 17. a4 a5 18. Be5 Bxe5 19. Qxe5 Bd5 20. c4 Bc6 21. Rac1 Nd7 22. Qd4 Rd8 23. Ne4 Qc7 24. Nd6 b6 25. Qf4 Nc5 26. Bc2 Rd7 27. Rd2 Rad8 28. Rcd1 Bxa4 29. Bxa4 Nxa4 30. b3 Nc3 31. Rc1 Rxd6 32. Rxc3 Rxd2 0-1

[Event "Titled Tuesday intern op 06th Sep Early"]
[Site "Chess.com INT"]
[Date "2022.09.06"]
[Round "11"]
[White "Hoffmann, Asa"]
[Black "Pacheco Lugo, Alejandro Jose"]
[Result "1-0"]
[WhiteElo "2185"]
[BlackElo "2127"]
[PlyCount "65"]
[EventDate "2022.09.06"]
[EventType "swiss (blitz)"]
[EventRounds "11"]
[EventCountry "USA"]
[SourceTitle "EXT 2023"]
[Source "ChessBase"]
[SourceDate "2022.10.05"]
[SourceVersion "1"]
[SourceVersionDate "2022.10.05"]
[SourceQuality "1"]

1. d4 Nf6 2. Bg5 d5 3. Nd2 Nbd7 4. e3 e6 5. Bd3 Be7 6. f4 b6 7. Ngf3 Bb7 8. 0-0 0-0 9. Ne5 Ne4 10. Bxe7 Qxe7 11. Bxe4 dxe4 12. c3 Nf6 13. Qe1 c5 14. Qg3 Rac8 15. Rae1 Kh8 16. f5 exf5 17. Rxf5 Qe6 18. Ref1 Nd5 19. Nxf7+ Kg8 20. Ng5 Qxf5 21. Rxf5 Rxf5 22. Ndxe4 Rcf8 23. h4 h6 24. Ne6 R8f7 25. Nd8 Re7 26. Nxb7 Rxe4 27. Qb8+ Kh7 28. Nd6 Rxe3 29. Nxf5 Re1+ 30. Kh2 Nf6 31. Qc7 Kg6 32. Qg3+ Kxf5 33. Qxe1 1-0

[Event "Titled Tuesday intern op 06th Sep Early"]
[Site "Chess.com INT"]
[Date "2022.09.06"]
[Round "1"]
[White "Pacheco Lugo, Alejandro Jose"]
[Black "Demchenko, Anton"]
[Result "0-1"]
[WhiteElo "2127"]
[BlackElo "2645"]
[PlyCount "176"]
[EventDate "2022.09.06"]
[EventType "swiss (blitz)"]
[EventRounds "11"]
[EventCountry "USA"]
[SourceTitle "EXT 2023"]
[Source "ChessBase"]
[SourceDate "2022.10.05"]
[SourceVersion "1"]
[SourceVersionDate "2022.10.05"]
[SourceQuality "1"]

1. e4 e5 2. Nf3 Nc6 3. Bc4 Nf6 4. Ng5 d5 5. exd5 Na5 6. Bb5+ Bd7 7. Qe2 Be7 8. Bxd7+ Qxd7 9. Nc3 0-0 10. 0-0 Nxd5 11. Qxe5 Nb4 12. Qxa5 Nxc2 13. Rb1 Nd4 14. d3 c5 15. Nge4 b6 16. Qa4 b5 17. Qd1 f5 18. Ng5 Rad8 19. Qh5 h6 20. Nf3 Ne6 21. Ne5 Qb7 22. Re1 Bf6 23. Qxf5 Rfe8 24. Nf3 Nd4 25. Rxe8+ Rxe8 26. Qg4 Nxf3+ 27. gxf3 Re1+ 28. Kg2 b4 29. Bd2 Re5 30. Ne4 Qf7 31. Bf4 Rd5 32. Rd1 h5 33. Qc8+ Kh7 34. Kf1 Be7 35. Bc7 Rf5 36. Nd2 Bg5 37. Qb7 Bxd2 38. Rxd2 Rxf3 39. Qe4+ Kg8 40. Bg3 Rf5 41. Re2 Kh7 42. h4 g6 43. Qe7 Kg7 44. Qxf7+ Kxf7 45. b3 Rd5 46. Re3 Kf6 47. Ke2 a5 48. Re4 Rd7 49. Bf4 a4 50. Bg5+ Kf5 51. Rf4+ Ke5 52. Rc4 Kd5 53. Ke3 axb3 54. axb3 Ra7 55. d4 cxd4+ 56. Rxd4+ Kc5 57. Rc4+ Kb5 58. Kd3 Ra3 59. Kc2 Ra2+ 60. Kd3 Rxf2 61. Rf4 Rb2 62. Rf6 Rxb3+ 63. Kd4 Rg3 64. Rxg6 b3 65. Rg8 Kb4 66. Rb8+ Ka3 67. Be7+ Ka2 68. Kc4 b2 69. Bf6 b1Q 70. Rxb1 Kxb1 71. Kd4 Rg4+ 72. Ke5 Kc2 73. Bg5 Kd3 74. Kf5 Kd4 75. Kg6 Ke5 76. Kxh5 Kf5 77. Kh6 Rg1 78. Kh5 Rg2 79. Kh6 Rg1 80. Kg7 Rb1 81. Kh6 Rb6+ 82. Kg7 Ra6 83. Kf7 Rg6 84. Ke8 Rg7 85. Kd8 Ke6 86. Kc8 Kd6 87. Bf6 Rf7 88. Bg5 Ke6 0-1

[Event "Titled Tuesday intern op 06th Sep Early"]
[Site "Chess.com INT"]
[Date "2022.09.06"]
[Round "3"]
[White "Pacheco Lugo, Alejandro Jose"]
[Black "Fiorito, Francisco"]
[Result "1-0"]
[WhiteElo "2127"]
[BlackElo "2291"]
[PlyCount "89"]
[EventDate "2022.09.06"]
[EventType "swiss (blitz)"]
[EventRounds "11"]
[EventCountry "USA"]
[SourceTitle "EXT 2023"]
[Source "ChessBase"]
[SourceDate "2022.10.05"]
[SourceVersion "1"]
[SourceVersionDate "2022.10.05"]
[SourceQuality "1"]

1. e4 c5 2. Nf3 Nc6 3. d4 cxd4 4. Nxd4 g6 5. c4 Nf6 6. Nc3 d6 7. Be2 Nxd4 8. Qxd4 Bg7 9. Be3 0-0 10. Qd3 Be6 11. Bd4 a5 12. b3 Nd7 13. Bxg7 Kxg7 14. 0-0 Rc8 15. Rac1 Qb6 16. Kh1 Nc5 17. Qd4+ Kg8 18. f4 Na4 19. Qxb6 Nxb6 20. f5 Bd7 21. f6 exf6 22. Rxf6 Be6 23. Rd1 Rfd8 24. Nb5 Rc6 25. Nd4 Rc7 26. Nxe6 fxe6 27. Rxe6 Rcd7 28. Bg4 Kg7 29. h4 h5 30. Bh3 a4 31. Kh2 axb3 32. axb3 Nc8 33. c5 dxc5 34. Rxd7+ Rxd7 35. Re8 Re7 36. Rxc8 Rxe4 37. Rxc5 Rxh4 38. Rc7+ Kh6 39. Rxb7 Rd4 40. Be6 g5 41. Rb6 Kg7 42. Bf5 g4 43. Kg3 Rd2 44. Be4 Rd4 45. Bb7 1-0

[Event "Titled Tuesday intern op 06th Sep Early"]
[Site "Chess.com INT"]
[Date "2022.09.06"]
[Round "4"]
[White "Pacheco Lugo, Alejandro Jose"]
[Black "Matveeva, Olga"]
[Result "1-0"]
[WhiteElo "2127"]
[BlackElo "2117"]
[PlyCount "101"]
[EventDate "2022.09.06"]
[EventType "swiss (blitz)"]
[EventRounds "11"]
[EventCountry "USA"]
[SourceTitle "EXT 2023"]
[Source "ChessBase"]
[SourceDate "2022.10.05"]
[SourceVersion "1"]
[SourceVersionDate "2022.10.05"]
[SourceQuality "1"]

1. e4 e6 2. d4 d5 3. Bd3 c5 4. exd5 exd5 5. Nf3 c4 6. Be2 Nf6 7. 0-0 Bd6 8. Bg5 h6 9. Bh4 0-0 10. b3 cxb3 11. axb3 Nbd7 12. c4 dxc4 13. bxc4 b6 14. Nc3 Bb7 15. Re1 Re8 16. Qb3 a6 17. Reb1 Rc8 18. Bg3 Bxg3 19. hxg3 Qc7 20. Bf1 Ne4 21. Na4 Re6 22. c5 b5 23. Nb2 Rg6 24. Nd3 Re8 25. Nde5 Nxe5 26. Nxe5 Rxe5 27. dxe5 Qxe5 28. Qe3 Qxc5 29. Qxc5 Nxc5 30. Rb2 Rd6 31. Rc1 Ne4 32. Rc7 Bd5 33. Ra7 Be6 34. Be2 g6 35. Bf3 Nc5 36. Rc2 Na4 37. Rc6 Rxc6 38. Bxc6 Nc5 39. f3 b4 40. Be4 b3 41. Bb1 Kg7 42. Kf2 Bc4 43. Ke3 Be6 44. Kd4 Nd7 45. Rxa6 Nf6 46. Ra7 Nh5 47. g4 Nf4 48. g3 Ne2+ 49. Ke3 Nxg3 50. Kf2 Nh1+ 51. Kg2 1-0

[Event "Titled Tuesday intern op 06th Sep Early"]
[Site "Chess.com INT"]
[Date "2022.09.06"]
[Round "6"]
[White "Pacheco Lugo, Alejandro Jose"]
[Black "Valle Maytin, Luis Enrique"]
[Result "0-1"]
[WhiteElo "2127"]
[BlackElo "2268"]
[PlyCount "44"]
[EventDate "2022.09.06"]
[EventType "swiss (blitz)"]
[EventRounds "11"]
[EventCountry "USA"]
[SourceTitle "EXT 2023"]
[Source "ChessBase"]
[SourceDate "2022.10.05"]
[SourceVersion "1"]
[SourceVersionDate "2022.10.05"]
[SourceQuality "1"]

1. e4 Nf6 2. e5 Nd5 3. d4 Nb6 4. Nf3 e6 5. a4 d5 6. a5 N6d7 7. Bd3 c5 8. c3 Nc6 9. a6 bxa6 10. Bxa6 Bxa6 11. Rxa6 Qc7 12. 0-0 cxd4 13. cxd4 Be7 14. Nc3 0-0 15. Bg5 Bxg5 16. Nxg5 h6 17. Nf3 Rab8 18. Qa4 Nb6 19. Qa1 Nc4 20. Na4 Rb3 21. Nc5 Rxf3 22. g3 Nxd4 0-1

[Event "Titled Tuesday intern op 06th Sep Early"]
[Site "Chess.com INT"]
[Date "2022.09.06"]
[Round "9"]
[White "Schut, Han"]
[Black "Pacheco Lugo, Alejandro Jose"]
[Result "0-1"]
[WhiteElo "2101"]
[BlackElo "2127"]
[PlyCount "82"]
[EventDate "2022.09.06"]
[EventType "swiss (blitz)"]
[EventRounds "11"]
[EventCountry "USA"]
[SourceTitle "EXT 2023"]
[Source "ChessBase"]
[SourceDate "2022.10.05"]
[SourceVersion "1"]
[SourceVersionDate "2022.10.05"]
[SourceQuality "1"]

1. e4 c5 2. Nf3 d6 3. d4 cxd4 4. Nxd4 Nf6 5. f3 e5 6. Bb5+ Nbd7 7. Nf5 a6 8. Bxd7+ Qxd7 9. Bg5 d5 10. Bxf6 gxf6 11. Nc3 d4 12. Nd5 Qc6 13. Ng3 f5 14. Qd2 Bh6 15. Qb4 Bf8 16. Qb3 Be6 17. Nf6+ Ke7 18. Nd5+ Bxd5 19. exd5 Qd7 20. Qd3 Kf6 21. 0-0-0 h5 22. h4 Bh6+ 23. Kb1 Bf4 24. Ne2 Be3 25. c4 b5 26. cxb5 axb5 27. g4 hxg4 28. fxg4 fxg4 29. Rhf1+ Ke7 30. Ng3 Qxd5 31. Nf5+ Kf8 32. a3 Bf4 33. Rxf4 exf4 34. Nxd4 Re8 35. Qc3 Kg8 36. Rd2 Qe4+ 37. Ka2 Rh5 38. Qc6 Qxc6 39. Nxc6 g3 40. Rd4 g2 41. Rxf4 g1Q 0-1

[Event "Titled Tuesday intern op 24th May Early"]
[Site "Chess.com INT"]
[Date "2022.05.24"]
[Round "6"]
[White "Fernandez Hernandez, Gerardo"]
[Black "Pacheco Lugo, Alejandro Jose"]
[Result "0-1"]
[WhiteElo "2169"]
[BlackElo "2127"]
[PlyCount "80"]
[EventDate "2022.05.24"]
[EventType "swiss (blitz)"]
[EventRounds "11"]
[EventCountry "USA"]
[SourceTitle "EXT 2023"]
[Source "ChessBase"]
[SourceDate "2022.10.05"]
[SourceVersion "1"]
[SourceVersionDate "2022.10.05"]
[SourceQuality "1"]

1. e4 c5 2. d3 d5 3. Nd2 Nf6 4. Ngf3 e6 5. g3 Be7 6. Bg2 0-0 7. e5 Nfd7 8. 0-0 Nc6 9. Re1 Qc7 10. Qe2 b5 11. h4 Bb7 12. Nf1 Rfc8 13. Bf4 b4 14. Ne3 Qd8 15. Ng4 a5 16. h5 h6 17. Qd2 Bf8 18. Nxh6+ gxh6 19. Bxh6 Bxh6 20. Qxh6 Qf8 21. Qf4 Qg7 22. h6 Qg6 23. Nh4 Qh7 24. g4 Nd4 25. Rac1 Nf8 26. c3 Nc6 27. Qf6 Ng6 28. Nxg6 Qxg6 29. Qf4 Ba6 30. Rcd1 bxc3 31. bxc3 Rab8 32. Re3 Rb2 33. Rh3 Kh7 34. c4 Nd4 35. cxd5 Ne2+ 36. Kh2 Nxf4 37. Be4 Rxf2+ 38. Kg3 Nxh3 39. Bxg6+ Kxg6 40. Kxh3 Rf3+ 0-1

[Event "Titled Tuesday intern op 24th May Early"]
[Site "Chess.com INT"]
[Date "2022.05.24"]
[Round "10"]
[White "Pacheco Lugo, Alejandro Jose"]
[Black "Martin, Lewis"]
[Result "1-0"]
[WhiteElo "2127"]
[BlackElo "2195"]
[PlyCount "51"]
[EventDate "2022.05.24"]
[EventType "swiss (blitz)"]
[EventRounds "11"]
[EventCountry "USA"]
[SourceTitle "EXT 2023"]
[Source "ChessBase"]
[SourceDate "2022.10.05"]
[SourceVersion "1"]
[SourceVersionDate "2022.10.05"]
[SourceQuality "1"]

1. e4 c5 2. Nf3 d6 3. d4 cxd4 4. Nxd4 Nf6 5. Nc3 a6 6. Be3 e5 7. Nb3 Be7 8. f3 Be6 9. Qd2 0-0 10. 0-0-0 b5 11. g4 Nbd7 12. g5 Nh5 13. Rg1 Rc8 14. Kb1 Nb6 15. Qf2 Nc4 16. Bxc4 bxc4 17. Nc5 Qa5 18. Nxe6 fxe6 19. Bb6 Qxc3 20. bxc3 Rb8 21. Ka1 Nf4 22. Qe3 Rb7 23. a4 a5 24. h4 Rfb8 25. Rb1 Ng6 26. Bc7 1-0

[Event "Titled Tuesday intern op 24th May Early"]
[Site "Chess.com INT"]
[Date "2022.05.24"]
[Round "8"]
[White "Pacheco Lugo, Alejandro Jose"]
[Black "Petrova, Irina"]
[Result "1-0"]
[WhiteElo "2127"]
[BlackElo "2127"]
[PlyCount "71"]
[EventDate "2022.05.24"]
[EventType "swiss (blitz)"]
[EventRounds "11"]
[EventCountry "USA"]
[SourceTitle "EXT 2023"]
[Source "ChessBase"]
[SourceDate "2022.10.05"]
[SourceVersion "1"]
[SourceVersionDate "2022.10.05"]
[SourceQuality "1"]

1. e4 c5 2. Nf3 Nc6 3. d4 cxd4 4. Nxd4 Nf6 5. Nc3 e5 6. Ndb5 d6 7. Bg5 a6 8. Na3 b5 9. Bxf6 gxf6 10. Nd5 Bg7 11. g3 0-0 12. Bg2 Ne7 13. Nxe7+ Qxe7 14. 0-0 Bb7 15. c4 b4 16. Nc2 a5 17. b3 f5 18. exf5 Bxg2 19. Kxg2 e4 20. Ne3 Bxa1 21. Qxa1 Qe5 22. Qd1 a4 23. Qh5 axb3 24. axb3 Ra2 25. Ng4 Qg7 26. Re1 Re8 27. Qh4 e3 28. Nxe3 Kh8 29. Rd1 Qb2 30. Ng4 Re2 31. Rf1 Re8 32. Nf6 Kg7 33. Nxe8+ Kf8 34. Nxd6 Qe2 35. f6 Kg8 36. Qg5+ 1-0

[Event "Titled Tuesday intern op 03rd May Early"]
[Site "Chess.com INT"]
[Date "2022.05.03"]
[Round "2"]
[White "Pacheco Lugo, Alejandro Jose"]
[Black "Vokhidov, Shamsiddin"]
[Result "0-1"]
[WhiteElo "2127"]
[BlackElo "2536"]
[PlyCount "158"]
[EventDate "2022.05.03"]
[EventType "swiss (blitz)"]
[EventRounds "11"]
[EventCountry "USA"]
[SourceTitle "CBM 208 Extra"]
[Source "ChessBase"]
[SourceDate "2022.07.31"]
[SourceVersion "1"]
[SourceVersionDate "2022.07.31"]
[SourceQuality "1"]

1. e4 e5 2. Nf3 Nc6 3. Bc4 Bc5 4. c3 Nf6 5. d4 exd4 6. e5 d5 7. Bb5 Ne4 8. cxd4 Bb6 9. Nc3 Bg4 10. Be3 0-0 11. h3 Bh5 12. Qc2 Bg6 13. Qb3 Ne7 14. 0-0 c6 15. Bd3 Nxc3 16. Qxc3 Bxd3 17. Qxd3 Ng6 18. b4 f6 19. a4 fxe5 20. Nxe5 Nxe5 21. dxe5 Qe7 22. Bxb6 axb6 23. Qd4 Qc7 24. f4 Rad8 25. Rac1 g6 26. g4 Rfe8 27. Rfe1 Rf8 28. Re3 Qe7 29. Kg2 Ra8 30. Ra1 Qe6 31. Kg3 b5 32. axb5 Rxa1 33. Qxa1 cxb5 34. Qd4 Rc8 35. Rd3 Rd8 36. Qc5 g5 37. Qd4 gxf4+ 38. Qxf4 Rf8 39. Qg5+ Kh8 40. Rf3 Re8 41. Qf6+ Kg8 42. Qg5+ Qg6 43. Qxg6+ hxg6 44. Kf4 Kf7 45. Kg5+ Kg7 46. Re3 d4 47. Rd3 Rxe5+ 48. Kf4 Kf6 49. Rxd4 g5+ 50. Kg3 Re3+ 51. Kg2 Rb3 52. Re4 b6 53. Kh2 Kf7 54. Kg2 Kf6 55. Kh2 Rc3 56. Kg2 Rc4 57. Kf3 Rc1 58. Kg3 Rc3+ 59. Kg2 Rc1 60. Kg3 Rc2 61. Kf3 Rc4 62. Ke3 Rc3+ 63. Kd4 Rxh3 64. Re8 Rg3 65. Rf8+ Ke7 66. Rg8 Rxg4+ 67. Kd5 Kf6 68. Kc6 Rxb4 69. Kxb6 Rb1 70. Kc5 Kf5 71. Rf8+ Kg4 72. Rf2 Kg3 73. Rf5 g4 74. Kd4 Kh3 75. Ke4 Re1+ 76. Kd3 g3 77. Rh5+ Kg4 78. Rxb5 g2 79. Rb8 g1Q 0-1

[Event "Titled Tuesday intern op 19th Apr Early"]
[Site "Chess.com INT"]
[Date "2022.04.19"]
[Round "11"]
[White "Lysyj, Igor"]
[Black "Pacheco Lugo, Alejandro Jose"]
[Result "1-0"]
[WhiteElo "2603"]
[BlackElo "2127"]
[PlyCount "81"]
[EventDate "2022.04.19"]
[EventType "swiss (blitz)"]
[EventRounds "11"]
[EventCountry "USA"]
[SourceTitle "EXT 2023"]
[Source "ChessBase"]
[SourceDate "2022.10.05"]
[SourceVersion "1"]
[SourceVersionDate "2022.10.05"]
[SourceQuality "1"]

1. d4 Nf6 2. c4 e6 3. Nf3 d5 4. g3 Be7 5. Bg2 0-0 6. 0-0 dxc4 7. Ne5 Nc6 8. Bxc6 bxc6 9. Nxc6 Qe8 10. Nxe7+ Qxe7 11. Nc3 c5 12. dxc5 Qxc5 13. Be3 Qc6 14. Qa4 Bb7 15. Qxc6 Bxc6 16. Rfd1 Nd5 17. Rd4 Nxe3 18. fxe3 Rfb8 19. Rxc4 Rb6 20. b3 Rd8 21. Rd1 Rxd1+ 22. Nxd1 Kf8 23. Nc3 Ke7 24. Kf2 g5 25. e4 h6 26. Ke3 Kd6 27. b4 Bb7 28. a4 a6 29. a5 Rc6 30. Rxc6+ Bxc6 31. Kd4 f6 32. e3 g4 33. Kc4 Bb7 34. b5 h5 35. Kd4 Bc8 36. b6 Bb7 37. e5+ fxe5+ 38. Kc4 Bf3 39. Na4 Kc6 40. Nc5 Be2+ 41. Kb4 1-0

[Event "Titled Tuesday intern op 19th Apr Early"]
[Site "Chess.com INT"]
[Date "2022.04.19"]
[Round "7"]
[White "Pacheco Lugo, Alejandro Jose"]
[Black "Vusatiuk, Vladimir"]
[Result "0-1"]
[WhiteElo "2127"]
[BlackElo "2308"]
[PlyCount "138"]
[EventDate "2022.04.19"]
[EventType "swiss (blitz)"]
[EventRounds "11"]
[EventCountry "USA"]
[SourceTitle "EXT 2023"]
[Source "ChessBase"]
[SourceDate "2022.10.05"]
[SourceVersion "1"]
[SourceVersionDate "2022.10.05"]
[SourceQuality "1"]

1. e4 Nc6 2. d4 d5 3. e5 Bf5 4. c3 e6 5. Nf3 f6 6. Bf4 Nge7 7. Be2 Ng6 8. Bg3 fxe5 9. Nxe5 Ngxe5 10. dxe5 Qd7 11. 0-0 0-0-0 12. b4 g5 13. b5 Na5 14. Qd4 b6 15. Nd2 h5 16. h4 Bc5 17. Qa4 Qe7 18. Nb3 Bc2 19. Rfc1 Qh7 20. Rxc2 Qxc2 21. Nxc5 Qxe2 22. Nxe6 gxh4 23. Qxh4 Rde8 24. Qf6 Qxb5 25. Nd4 Qb2 26. Rd1 h4 27. Bh2 Ref8 28. Qe6+ Kb8 29. Nf3 h3 30. Bg3 hxg2 31. Kxg2 Qxc3 32. Qxd5 Qc6 33. Qxc6 Nxc6 34. e6 Re8 35. Ng5 Rhg8 36. f4 Nd8 37. Kf3 Nxe6 38. Nxe6 Rxe6 39. Rd7 Rc6 40. Bh4 Rc3+ 41. Ke4 Rc4+ 42. Kf3 Rf8 43. Bg5 Kb7 44. Kg4 a5 45. Bh6 Rf6 46. Kg5 Rxh6 47. Kxh6 Rxf4 48. Kg5 Ra4 49. Rd2 Re4 50. Kf5 Re8 51. Rc2 b5 52. Kf4 Kb6 53. Kf5 c5 54. Kf6 b4 55. Kf7 Re1 56. Rd2 Kb5 57. Rd6 a4 58. Rd8 b3 59. Rb8+ Kc4 60. axb3+ axb3 61. Kf6 Rf1+ 62. Ke5 Kc3 63. Kd5 c4 64. Rc8 Rf5+ 65. Ke4 Rh5 66. Rb8 b2 67. Rb7 Kc2 68. Kd4 c3 69. Rc7 Rh4+ 0-1